01932nam a2200361Ia 4500001001200000003000800012006001900020007001500039008004100054020002300095040002100118035002000139050002400159245019200183246006900375246004700444246003600491250001900527260004000546300003600586500002000622505041000642533015201052650003801204650005101242650004601293655002901339700001901368700002301387710001701410856012601427999001701553ebr10077321CaPaEBRm u cr cn|||||||||040203s2005 mdua ss 001 0 eng d z1886222207 (eBook) aCaPaEBRcCaPaEBR a(OCoLC)7073680514aHD8064b.H38 2005eb00aHandbook of U.S. labor statisticsh[electronic resource] :bemployment, earnings, prices, productivity, and other labor data /ceditor, Eva E. Jacobs ; associate editor, Mary Meghan Ryan.30aEmployment, earnings, prices, productivity, and other labor data3 aHandbook of United States labor statistics3 aHandbook of US labor statistics a8th ed., 2005. aLanham, MD :bBernan Press,cc2005. axxix, 484 p. :bchiefly tables. aIncludes index.2 aPopulation, labor force, and employment status -- Employment, hours, and earnings -- Occupational employment and wages -- Projections of labor force and employment by industry and occupation -- Productivity and costs -- Compensation of employees -- Prices and living conditions -- Consumer expenditures -- Occupational safety and health -- Labor management relations -- Foreign labor and price statistics. aElectronic reproduction.bPalo Alto, Calif. :cebrary,d2009.nAvailable via World Wide Web.nAccess may be limited to ebrary affiliated libraries. 0aLaborzUnited StatesvStatistics. 0aLabor productivityzUnited StatesvStatistics. 0aWorking classzUnited StatesvStatistics. 7aElectronic books.2local1 aJacobs, Eva E.1 aRyan, Mary Meghan.2 aebrary, Inc.40uhttp://site.ebrary.com/lib/rucke/Doc?id=10077321zAn electronic book accessible through the World Wide Web; click to view c53699d53699